Score 0/23 Timer 10:00
0 Plays Today
television % Correct
????
100%
????
81.5%
????
70.6%
????
64.3%
????
60.6%
????
29.6%
????
26%
????
20.2%
????
16.5%
????
14.9%
????
13.4%
????
13%
television % Correct
????
11.2%
????
10.9%
????
9.9%
????
9.4%
????
8.2%
????
8.2%
????
7%
????
5.8%
????
3.6%
????
2.7%
????
1.1%
Remove Ads.
Support Sporcle.
Get the best of Sporcle when you Go Orange. This ad-free experience offers more features, more stats, and more fun while also helping to support Sporcle. Thank you for becoming a member.

You're not logged in!

Compare scores with friends on all Sporcle quizzes.
OR
Log In

You Might Also Like...

Show Comments

Extras

Created Nov 9, 2010ReportNominate
Tags:Desperate Housewives

Top Quizzes Today


Score Distribution

Your Account Isn't Verified!

In order to create a playlist on Sporcle, you need to verify the email address you used during registration. Go to your Sporcle Settings to finish the process.

Report this User

Report this user for behavior that violates our Community Guidelines.

Details: